000 00607nam a2200193 i 4500
001 101763
003 ES-MaACL
005 20230906182956.0
007 t|
008 051025s1977 sp |||| | spa d
080 _a882.091(460)
100 1 _aMegwinoff Andreu, Grace E.
_979813
245 1 0 _aRecepción de la literatura rusa en España
_b: 1889-1920 /
_cGrace E. Megwinoff Andreu.
260 _aMadrid :
_b[s.n.],
_c1977.
300 _a3 h., 301 f., 5 f., VIII ;
_c28 cm.
597 _aEjemp. en fotocopia.
650 4 _aLiteratura rusa-
_xRecepción-
_zEspaña.
_9163371
852 _aES-MaACL
_jA-7534
999 _c101763
_d101763